| 000 | 02241nam0a2200373 4500 | ||
|---|---|---|---|
| 001 | RU\NLR\bibl\813478 | ||
| 005 | 20260405113311.0 | ||
| 010 | _a5-98109-022-7 (Химия) | ||
| 010 |
_a5-9532-0246-6 (КолосС) _92000 |
||
| 021 |
_aRU _b2005-15047 _9762 |
||
| 035 | _a(NLR Aleph) 000802528 | ||
| 090 |
_a1190318 _c1190318 |
||
| 100 | _a20050627d2005 |||y0rusy50 ca | ||
| 101 | 0 | _arus | |
| 102 | _aRU | ||
| 105 | _aa ||||||||| | ||
| 200 | 1 |
_aЗащита биосферы от промышленных выбросов _eосновы проектирования технологических процессов _eучебное пособие для студентов высших учебных заведений, обучающихся по специальности "Охрана окружающей среды и рациональное использование природных ресурсов" _fА.И. Родионов, Ю.П. Кузнецов, Г.С. Соловьев |
|
| 210 |
_aМосква _cХимия _cКолосС _d2005 |
||
| 215 |
_a386, [1] с. _cил. _d21 |
||
| 225 | 1 | _aДля высшей школы | |
| 320 | _aБиблиогр. в конце кн. | ||
| 606 | 1 |
_aОтходящие газы _jУчебные издания для высших учебных заведений _xОчистка _9896251 _3RU\NLR\auth\664847 |
|
| 606 | 1 |
_aСточные воды _jУчебные издания для высших учебных заведений _xОчистка _92174040 _3RU\NLR\auth\661307614 |
|
| 606 | 1 |
_aПромышленные отходы _jУчебные издания для высших учебных заведений _xПереработка _92112754 _3RU\NLR\auth\661276676 |
|
| 686 | _aЖ69я73-1 | ||
| 686 | _aН932я73-1 | ||
| 700 | 1 |
_aРодионов _bА. И. _gАнатолий Иванович _4070 |
|
| 701 | 1 |
_4070 _7ca _8rus _aКузнецов _bЮ. П. _cканд. техн. наук _gЮрий Петрович _926960 _3RU\NLR\auth\7744018 |
|
| 701 | 1 |
_aСоловьев _bГ. С. _gГеннадий Семенович _4070 |
|
| 801 | 0 |
_aRU _bNLR _c20050627 _grcr |
|
| 801 | 1 |
_aRU _bNLR _c20050627 |
|
| 942 | _cBOOK | ||
| 980 | _aNB | ||